| 000 | 00814nam a2200217 a 4500 | ||
|---|---|---|---|
| 003 | SISC | ||
| 005 | 20170201094444.0 | ||
| 008 | 120910s19uu xx 00 eng d | ||
| 020 | _a9780470942239 | ||
| 050 |
_aHF 5415.1265 _b.N884 2011 |
||
| 100 | _aNudelman, Greg. | ||
| 245 |
_aDesigning search : _bUX strategies for ecommerce success / _cGreg Nudelman. |
||
| 260 |
_aIndianapolis, United States : _bWiley Pub, _c2011. |
||
| 300 |
_a333 pages : _bcolor illustrations ; _c26 cm. |
||
| 500 | _a"UX matters"--Cover. Includes bibliographical references and index. | ||
| 520 | _aProvides information on applying UX design strategies to create effective search experiences on e-commerce Web sites. | ||
| 650 |
_aWeb sites _xDesign. |
||
| 650 | _aElectronic commerce. | ||
| 942 |
_cBK _2lcc _kFOR |
||
| 999 |
_c25498 _d25498 |
||